000 00613cam a2200205 a 4500
001 3089711
005 20231121235335.0
008 980804s1999 nyu b 001 0 eng
020 _a080143517X (cloth : alk. paper)
020 _a0801485169 (pbk. : alk. paper)
040 _aDLC
_cDLC
_dDLC
082 0 0 _a305.42/01
_221
100 1 _aNicholson, Linda J.
245 1 4 _aThe play of reason :
_bfrom the modern to the postmodern /
_cLinda Nicholson.
260 _aIthaca, N.Y. :
_bCornell University Press,
_c 1999.
300 _avii, 179 p. ;
650 0 _aFeminist theory.
650 0 _aPostmodernism.
942 _cL
999 _c49
_d49